[Event "Regionalliga SO 1112"]
[Site "Bayern"]
[Date "2012.04.15"]
[Round "9.7"]
[White "Hartmann, Ralf"]
[Black "Koenig, Josef"]
[Result "1/2-1/2"]
[WhiteElo "1808"]
[BlackElo "1823"]
[PlyCount "41"]
[EventDate "2011.10.02"]
[EventType "team-tourn"]
[EventRounds "9"]
[EventCountry "GER"]
[SourceTitle "EXT 2015"]
[Source "ChessBase"]
[SourceDate "2014.11.20"]
[SourceVersion "1"]
[SourceVersionDate "2014.11.20"]
[SourceQuality "1"]
[WhiteTeam "Ingolstadt II"]
[BlackTeam "Rottal II"]
[WhiteTeamCountry "GER"]
[BlackTeamCountry "GER"]

1. c4 Nf6 2. Nc3 c5 3. g3 g6 4. Bg2 Bg7 5. Nf3 0-0 6. 0-0 Nc6 7. d4 cxd4 8. Nxd4 Nxd4 9. Qxd4 d6 10. Qd3 Rb8 11. Be3 a6 12. Ba7 Ra8 13. Bd4 e5 14. Be3 Bf5 15. Qd2 Qc7 16. Nd5 Nxd5 17. Bxd5 Rab8 18. Rac1 b6 19. Rfd1 Rfd8 20. b3 Kh8 21. Qb4 1/2-1/2

[Event "Niederbayernliga 1213"]
[Site "Bayern"]
[Date "2012.??.??"]
[Round "3"]
[White "Koenig, Josef"]
[Black "Wimmer, Martin1111"]
[Result "1-0"]
[WhiteElo "1848"]
[BlackElo "1953"]
[PlyCount "93"]
[EventDate "2012.10.14"]
[EventType "team-tourn"]
[EventRounds "9"]
[EventCountry "GER"]
[SourceTitle "EXT 2023"]
[Source "ChessBase"]
[SourceDate "2022.10.05"]
[SourceVersion "1"]
[SourceVersionDate "2022.10.05"]
[SourceQuality "1"]
[WhiteTeam "Rottal III"]
[BlackTeam "Schaibing"]
[WhiteTeamCountry "GER"]
[BlackTeamCountry "GER"]

1. Nf3 Nf6 2. g3 g6 3. c4 Bg7 4. Bg2 0-0 5. 0-0 c6 6. d4 Na6 7. Nc3 d5 8. cxd5 Nxd5 9. e4 Nxc3 10. bxc3 c5 11. Be3 Qa5 12. Qb3 b5 13. Rab1 Nc7 14. Rfc1 Rd8 15. d5 c4 16. Qb2 a6 17. Bc5 e5 18. Be7 Re8 19. Bc5 f5 20. Qd2 Rd8 21. d6 fxe4 22. Ng5 Bf5 23. Bxe4 Bxe4 24. Nxe4 Kh8 25. Ng5 Rd7 26. Qe3 Ne8 27. Qf3 Rc8 28. Bb4 Qb6 29. Rd1 h6 30. Qg4 Nf6 31. Qh3 Re8 32. Ne6 Ne4 33. Rb2 a5 34. Ba3 b4 35. Nxg7 Rxg7 36. Qxh6+ Kg8 37. Qh4 Nxc3 38. Qxc4+ Kh8 39. Qxc3 bxc3 40. Rxb6 Rc8 41. Ra6 c2 42. Rc1 Rb7 43. Rxa5 Rc3 44. Kg2 Rb1 45. d7 Rxa3 46. d8Q+ Kh7 47. Qe7+ 1-0

[Event "Niederbayernliga 1011"]
[Site "Germany"]
[Date "2011.01.16"]
[Round "5.8"]
[White "Koenig, Josef"]
[Black "Hofmann, Paul"]
[Result "1-0"]
[WhiteElo "1846"]
[BlackElo "1607"]
[PlyCount "49"]
[EventDate "2010.10.10"]
[EventType "team-tourn"]
[EventRounds "9"]
[EventCountry "GER"]
[SourceTitle "EXT 2012"]
[Source "ChessBase"]
[SourceDate "2011.11.24"]
[SourceVersion "1"]
[SourceVersionDate "2011.11.24"]
[SourceQuality "1"]
[WhiteTeam "Rottal II"]
[BlackTeam "Ergolding"]
[WhiteTeamCountry "GER"]
[BlackTeamCountry "GER"]

1. d4 Nf6 2. Nf3 d6 3. Nbd2 g6 4. e4 Bg7 5. Bc4 Nc6 6. c3 e6 7. 0-0 0-0 8. Bd3 e5 9. Re1 Qe7 10. d5 Nb8 11. Nf1 Nh5 12. Bg5 Bf6 13. Bh6 Bg7 14. Qd2 Bxh6 15. Qxh6 f6 16. g3 a5 17. Nh4 Qg7 18. Qd2 Nd7 19. b4 b6 20. Be2 Nb8 21. Bxh5 gxh5 22. Ne3 Qg5 23. Qd3 Bh3 24. Nef5 Nd7 25. Nf3 1-0

[Event "Niederbayernliga 0708"]
[Site "Germany"]
[Date "2007.04.20"]
[Round "9.4"]
[White "Koenig, Josef"]
[Black "Eberle, Anton"]
[Result "1/2-1/2"]
[WhiteElo "1875"]
[BlackElo "1692"]
[PlyCount "20"]
[EventDate "2007.10.21"]
[EventType "team"]
[EventRounds "9"]
[EventCountry "GER"]
[SourceTitle "EXT 2009"]
[Source "ChessBase"]
[SourceDate "2008.11.26"]
[SourceVersion "1"]
[SourceVersionDate "2008.11.26"]
[SourceQuality "1"]
[WhiteTeam "Rottal II"]
[BlackTeam "Waldkirchen Freyung"]
[WhiteTeamCountry "GER"]
[BlackTeamCountry "GER"]

1. Nf3 Nf6 2. g3 g6 3. Bg2 Bg7 4. 0-0 0-0 5. c4 c5 6. Nc3 Nc6 7. d3 d6 8. Bg5 Bg4 9. a3 a6 10. Rc1 Qc8 1/2-1/2

[Event "Regionalliga SO 0607"]
[Site "Bayern"]
[Date "2006.11.19"]
[Round "3.8"]
[White "Heigermoser, Robert"]
[Black "Koenig, Josef"]
[Result "1/2-1/2"]
[WhiteElo "2031"]
[BlackElo "1868"]
[PlyCount "48"]
[EventDate "2006.10.15"]
[EventType "team-tourn"]
[EventRounds "9"]
[EventCountry "GER"]
[SourceTitle "EXT 2008"]
[Source "ChessBase"]
[SourceDate "2007.11.25"]
[SourceVersion "1"]
[SourceVersionDate "2007.11.25"]
[SourceQuality "1"]
[WhiteTeam "Pang/Rosenheim II"]
[BlackTeam "Straubing"]
[WhiteTeamCountry "GER"]
[BlackTeamCountry "GER"]

1. e4 c5 2. Nf3 g6 3. d4 Bg7 4. Nc3 Nc6 5. dxc5 Qa5 6. Bd2 Qxc5 7. Bd3 Nd4 8. Nxd4 Bxd4 9. 0-0 Nf6 10. Na4 Qc6 11. c3 Bxf2+ 12. Rxf2 b5 13. e5 Nh5 14. Qe2 Rb8 15. Be4 Qc7 16. Qf3 0-0 17. Bh6 Ng7 18. Bd5 bxa4 19. Bxf7+ Kh8 20. Qe4 Bb7 21. Qd4 Qb6 22. Qxb6 axb6 23. Rd1 Bc6 24. Bxg7+ Kxg7 1/2-1/2

[Event "Niederbayernliga 0506"]
[Site "Germany"]
[Date "2006.??.??"]
[Round "7"]
[White "Endler, Johannes"]
[Black "Koenig, Josef"]
[Result "0-1"]
[WhiteElo "1777"]
[BlackElo "1856"]
[PlyCount "54"]
[EventDate "2005.??.??"]
[EventType "team"]
[EventRounds "9"]
[EventCountry "GER"]
[SourceTitle "EXT 2008"]
[Source "ChessBase"]
[SourceDate "2007.11.25"]
[SourceVersion "1"]
[SourceVersionDate "2007.11.25"]
[SourceQuality "1"]
[WhiteTeam "Simbach"]
[BlackTeam "Straubing"]
[WhiteTeamCountry "GER"]
[BlackTeamCountry "GER"]

1. e4 c5 2. Nf3 Nc6 3. d4 cxd4 4. Nxd4 d6 5. Nc3 g6 6. Be3 Bg7 7. Bc4 Nf6 8. h3 Bd7 9. Qd2 Nxd4 10. Bxd4 0-0 11. 0-0-0 b5 12. Bb3 a5 13. e5 Ne8 14. exd6 Nxd6 15. Bxg7 Kxg7 16. Bd5 Rc8 17. Ne4 Bf5 18. Qd4+ f6 19. g4 Qc7 20. Rd2 Bxe4 21. Bxe4 Nc4 22. Rd3 Rfd8 23. Qc3 Qf4+ 24. Re3 Qxf2 25. Qe1 Qxe3+ 26. Qxe3 Nxe3 27. Re1 Nc4 0-1

[Event "Niederbayernliga 0304"]
[Site "Germany"]
[Date "2004.??.??"]
[Round "9"]
[White "Maier, Ullrich"]
[Black "Koenig, Josef"]
[Result "0-1"]
[WhiteElo "1641"]
[BlackElo "1868"]
[PlyCount "38"]
[EventDate "2003.??.??"]
[EventType "team"]
[EventRounds "9"]
[EventCountry "GER"]
[SourceTitle "EXT 2008"]
[Source "ChessBase"]
[SourceDate "2007.11.25"]
[SourceVersion "1"]
[SourceVersionDate "2007.11.25"]
[SourceQuality "1"]
[WhiteTeam "Simbach"]
[BlackTeam "Straubing"]
[WhiteTeamCountry "GER"]
[BlackTeamCountry "GER"]

1. d4 Nf6 2. Nc3 c5 3. Bg5 Qa5 4. d5 Ne4 5. Bd2 Nxd2 6. Qxd2 g6 7. e4 Bg7 8. Nge2 d6 9. 0-0-0 Na6 10. f3 b5 11. Qe3 b4 12. Nb1 Qxa2 13. c3 Rb8 14. f4 bxc3 15. Rd2 cxd2+ 16. Qxd2 Rxb2 17. Nec3 Bxc3 18. Bb5+ Kf8 19. Qd3 Rxb1+ 0-1

[Event "Niederbayernliga 0304"]
[Site "Germany"]
[Date "2003.??.??"]
[Round "2"]
[White "Koenig, Josef"]
[Black "Vaclavik, Marek"]
[Result "1-0"]
[WhiteElo "1868"]
[BlackElo "1303"]
[PlyCount "39"]
[EventDate "2003.??.??"]
[EventType "team"]
[EventRounds "9"]
[EventCountry "GER"]
[SourceTitle "EXT 2008"]
[Source "ChessBase"]
[SourceDate "2007.11.25"]
[SourceVersion "1"]
[SourceVersionDate "2007.11.25"]
[SourceQuality "1"]
[WhiteTeam "Straubing"]
[BlackTeam "Haselbach"]
[WhiteTeamCountry "GER"]
[BlackTeamCountry "GER"]

1. d4 Nf6 2. Nf3 g6 3. Nbd2 d5 4. Ne5 Bg7 5. Ndf3 Nbd7 6. Nxf7 Kxf7 7. Ng5+ Kg8 8. Ne6 Qe8 9. Nxc7 Qf7 10. Nxa8 e5 11. Bg5 Ne4 12. Be3 Bh6 13. Qd3 Bxe3 14. Qxe3 exd4 15. Qxd4 Nd6 16. Nc7 Nf6 17. e4 Qxc7 18. Qxf6 Ne8 19. Qd4 dxe4 20. Bc4+ 1-0

[Event "Regionalliga SO 9495"]
[Site "Bayern"]
[Date "1995.??.??"]
[Round "?.6"]
[White "Zepke, Armin"]
[Black "Koenig, Josef"]
[Result "1-0"]
[WhiteElo "1950"]
[BlackElo "1975"]
[PlyCount "79"]
[EventDate "1994.10.??"]
[EventType "team-tourn"]
[EventRounds "9"]
[EventCountry "GER"]
[SourceTitle "EXT 1999"]
[Source "ChessBase"]
[SourceDate "1998.11.16"]
[SourceVersion "1"]
[SourceVersionDate "1998.11.16"]
[SourceQuality "1"]
[WhiteTeam "Pfarrkirchen SC"]
[BlackTeam "Straubing SC"]
[WhiteTeamCountry "GER"]
[BlackTeamCountry "GER"]

1. d4 Nf6 2. Nf3 g6 3. Bf4 d6 4. e3 Bg7 5. Nbd2 0-0 6. c3 Nbd7 7. h3 Re8 8. Bc4 d5 9. Be2 Ne4 10. Nxe4 dxe4 11. Ng5 Nf6 12. Bc4 e6 13. Qc2 Rb8 14. Nxe4 Nxe4 15. Qxe4 b5 16. Bf1 Bb7 17. Qd3 a5 18. f3 Ba6 19. Be2 Qe7 20. Bg3 Rbd8 21. Qc2 c5 22. dxc5 Qxc5 23. Bf2 Qg5 24. 0-0 Rd6 25. Rfd1 Red8 26. Rxd6 Rxd6 27. Rd1 Qd8 28. Rxd6 Qxd6 29. Qd3 Qc7 30. a4 Bf6 31. axb5 Bb7 32. e4 Qf4 33. Qe3 Qc7 34. f4 a4 35. b6 Qc6 36. Bf3 e5 37. Qc5 Qe6 38. f5 Qd7 39. Qc7 Qc8 40. fxg6 1-0